| 000 | 00699nam a2200241Ia 4500 | ||
|---|---|---|---|
| 005 | 20260430150636.0 | ||
| 008 | 008 250103s9999 xx 000 0 eng d | ||
| 037 | _aTheses | ||
| 040 | _aCRL | ||
| 040 | _beng | ||
| 040 | _ceng | ||
| 041 | _2eng | ||
| 041 | _aeng | ||
| 084 | _qCRL | ||
| 100 |
_aHitesh Kumar Au.; Singh Ompal Gu.; Adarsh Anand Gu. _91238086 |
||
| 245 | 0 | _aInnovation Adoption Modelling and Application of Numerical Methods in Marketing | |
| 260 | _c2024 | ||
| 300 | _a129p. | ||
| 650 | _aOperations Research | ||
| 700 |
_aUniversity of Delhi. Faculty of Mathematical Sciences. Deptt. of Operational Research _91238087 |
||
| 942 | _cTH | ||
| 999 |
_c1850281 _d1850281 |
||